| 000 | 00582nam a22002057a 4500 | ||
|---|---|---|---|
| 003 | OSt | ||
| 005 | 20140310182836.0 | ||
| 008 | 130606t xxu||||| |||| 00| 0 eng d | ||
| 020 | _a9810699220 | ||
| 050 |
_aQR 41.2 _b.B347 2007 |
||
| 082 |
_aM 579 _bB32 2007 |
||
| 245 |
_aMicrobiology with diseases by Taxonomy / _cBauman, Robert W. |
||
| 260 |
_aJurong, Singapore : _bPearson Education South Asia, _c2007 |
||
| 300 |
_axxix, 778 p. : _bill. ; _c23 cm. |
||
| 521 | _acollege students | ||
| 526 | _c1210L-1700L | ||
| 541 | _j1 | ||
| 562 | _e1 | ||
| 942 |
_2lcc _cBK _kM |
||
| 999 |
_c16753 _d16753 |
||